Movies Quiz

Random Movies or Pixar Quiz
Score 0/46 Timer 12:00
2 Plays Today
Question Answer Wrong Answers
1941 Dumbo
97.2%
Mr. Bug Goes to Town
0.9%
Andy Panda
0.4%
Superman
0.6%
1967 The Jungle Book
97.1%
Asterix the Gaul
0.2%
The Wacky World of Mother Goose
0.3%
Mad Monster Party?
0.1%
1953 Peter Pan
97.1%
The Treasure of Bird Island
0.4%
Droopy
0.3%
Sylvester the Cat
0.5%
1961 One Hundred and One Dalmatians
97.1%
The Key
0.2%
Havoc in Heaven
0.2%
The Alvin Show
0.4%
1940 Pinocchio
96.9%
A Wild Hare
0.9%
Puss Gets the Boot
0.8%
Color Rhapsody
0.8%
1959 Sleeping Beauty
96.8%
1001 Arabian Nights
0.8%
Magic Boy
0.2%
The Adventures of Buratino
0.2%
1955 Lady and the Tramp
96.8%
The Enchanted Boy
0.7%
The Good Soldier Schweik
0.2%
The Legend of Rockabye Point
0.4%
1942 Bambi
96.1%
Scrappy
0.3%
The Fox and the Crow
1.2%
Woody Woodpecker
1.3%
1950 Cinderella
96%
Johnny the Giant Killer
0.3%
Pluto
1.1%
Mighty Mouse
1.2%
1994 The Lion King
95.6%
A Troll in Central Park
0.1%
The Pagemaster
0.1%
The Swan Princess
0.7%
1970 The Aristocats
95.5%
Shinbone Alley
0.2%
The Phantom Tollbooth
0.6%
The Blue Bird
1.3%
1992 Aladdin
95.3%
FernGully: The Last Rainforest
0.6%
Tom and Jerry: The Movie
0.6%
Tiny Toon Adventures: How I Spent My Vacation
0.1%
1963 The Sword in the Stone
94.7%
Doggie March
0.3%
The Little Prince and the Eight-Headed Dragon
2.2%
The Cowboy's Flute
0.5%
1951 Alice in Wonderland
94.1%
Chip and Dale
3.6%
Yosemite Sam
0.4%
Noveltoons
0.3%
1981 The Fox and the Hound
94%
The Looney Looney Looney Bugs Bunny Movie
2.5%
American Pop
0.3%
Son of the White Mare
0.4%
1991 Beauty and the Beast
94%
An American Tail: Fievel Goes West
2.2%
Rock-a-Doodle
0.3%
Rover Dangerfield
0.1%
1937 Snow White and the Seven Dwarfs
93.2%
Betty Boop
2.7%
Popeye the Sailor
2.8%
Happy Harmonies
1.1%
1989 The Little Mermaid
91.3%
All Dogs Go to Heaven
3.5%
The BFG
1.8%
Dragon and Slippers
0.1%
1988 Oliver & Company
89%
Pound Puppies and the Legend of Big Paw
1.7%
Felix the Cat: The Movie
2.9%
Scooby-Doo and the Ghoul School
3.1%
1977 The Rescuers
88.4%
The Mouse and His Child
1.6%
Gulliver's Travels
6.4%
Dot and the Kangaroo
0.9%
1996 The Hunchback of Notre Dame
88.1%
All Dogs Go to Heaven 2
2.1%
James and the Giant Peach
2.6%
Space Jam
3.5%
1990 The Rescuers Down Under
88%
Jetsons: The Movie
1.6%
The Nutcracker Prince
6.3%
The Fool of the World and the Flying Ship
0.7%
1973 Robin Hood
87.9%
Charlotte's Web
3.3%
Treasure Island
6.2%
Johnny Corncob
0.1%
1997 Hercules
86.8%
Anastasia
8.9%
The Fearless Four
0.1%
The Swan Princess II: Escape from Castle Mountain
0.4%
1999 Tarzan
86.7%
The Iron Giant
1.9%
The King and I
0.5%
Toy Story 2
7%
1998 Mulan
85.9%
Antz
0.9%
A Bug's Life
9.1%
Quest for Camelot
0.2%
2010 Tangled
85.7%
How to Train Your Dragon
4.1%
Despicable Me
3.1%
Megamind
1.6%
2009 The Princess and the Frog
85.4%
Astro Boy
1.4%
Monsters vs. Aliens
3%
Cloudy with a Chance of Meatballs
4.6%
2013 Frozen
83.5%
Despicable Me 2
1.4%
Monsters University
5.6%
The Croods
3.7%
2000 The Emperor's New Groove
82.7%
Chicken Run
6.1%
The Road to El Dorado
6%
Titan A.E.
1.1%
1986 The Great Mouse Detective
81.3%
An American Tail
12.5%
Heathcliff: The Movie
0.8%
When the Wind Blows
2.3%
1985 The Black Cauldron
80.7%
The Secret of the Sword
11%
Here Come the Littles
1.7%
The Care Bears Movie
3.6%
2001 Atlantis: The Lost Empire
78.3%
Jimmy Neutron: Boy Genius
1.4%
Osmosis Jones
1.2%
Shrek
14.9%
2016 Moana
77.8%
Finding Dory
11.2%
Sing
2.3%
Trolls
2.8%
2014 Big Hero 6
76.9%
How to Train Your Dragon 2
4.5%
The Lego Movie
6.2%
Penguins of Madagascar
6.6%
1995 Pocahontas
74.5%
Balto
0.5%
The Snow Queen
0.8%
Toy Story
20.8%
2019 Frozen II
74.2%
Abominable
1.7%
Toy Story 4
16.9%
Wonder Park
1.4%
2002 Treasure Planet
72.8%
Ice Age
15.2%
Spirit: Stallion of the Cimarron
7%
The Powerpuff Girls Movie
0.7%
2018 Ralph Breaks the Internet
71.5%
The Grinch
6.1%
Incredibles 2
13.6%
Spider-Man: Into the Spider-Verse
3%
2003 Brother Bear
64.6%
Finding Nemo
29.1%
Charlotte's Web 2: Wilbur's Great Adventure
1.3%
Rugrats Go Wild!
0.6%
2005 Chicken Little
64.5%
Corpse Bride
3.8%
Madagascar
17.9%
Robots
8.9%
2011 Winnie the Pooh
61.4%
Kung Fu Panda 2
3%
Rio
21.6%
Puss in Boots
8.4%
2008 Bolt
58.6%
Horton Hears a Who!
3.8%
Kung Fu Panda
7.7%
WALL-E
24.6%
2004 Home on the Range
54%
The Incredibles
27.4%
Shrek 2
3%
Shark Tale
11%
2007 Meet the Robinsons
47.1%
Bee Movie
5.7%
Ratatouille
41.1%
Shrek the Third
1%
2012 Wreck-It Ralph
45.8%
Brave
43.8%
Hotel Transylvania
2.9%
Ice Age: Continental Drift
1.9%
Remove Ads.
Support Sporcle.
Get the best of Sporcle when you Go Orange. This ad-free experience offers more features, more stats, and more fun while also helping to support Sporcle. Thank you for becoming a member.

You're not logged in!

Compare scores with friends on all Sporcle quizzes.
OR
Log In

Show Comments

Extras

Top Quizzes Today


Score Distribution

Your Account Isn't Verified!

In order to create a playlist on Sporcle, you need to verify the email address you used during registration. Go to your Sporcle Settings to finish the process.

Report this User

Report this user for behavior that violates our Community Guidelines.

Details: